000
00262nam a2200109Ia 4500
008
190216s9999||||xx |||||||||||||| ||und||
100
_a
Joseph L Massie
245
0
_a
Essentials Of Management
260
_b
Mannora Publications
_c
1979
300
_a
257p
942
_c
BK
999
_c
4259
_d
4259